000 00299nam a22001337a 4500
008 181009b xxu||||| |||| 00| 0 eng d
020 _a9780131405479
041 _aeng
080 _22nd
_a339.138
100 _a60
101 _aMAR
245 _aMarketing Management
_cWiner,R.S
942 _2udc
_cBK
999 _c49178
_d49178